000 00478nam a22001577a 4500
005 20231103091519.0
008 231103b |||||||| |||| 00| 0 eng d
041 _aEnglish
082 _a346.6 CIL
100 _aCilliers, HS and Benade, ML
_lEnglish
245 _aCompany Law /
_cHS Cilliers and ML Benade
260 _aDurban :
_bButterworths,
_c1968
300 _bxiii, 454 pages ;
_c25 cm.
650 _aLegal practice
_bLaw
942 _cBK
_6ALISON_BN_VRIES
999 _c284
_d284